000 00547nam a2200169 i 4500
001 94888
003 ES-MaACL
005 20230906181558.0
007 t|
008 050517s1940 sp ||||1| spa d
100 1 _aLucini, Manuel.
_974586
245 1 0 _aTermodinámica aplicada /
_cpor Manuel Lucini; prólogo de A. Martínez de la Madrid.
260 _aBarcelona :
_bLabor,
_c1940.
300 _aXII, 243 p. con 3 lám. pleg., 3 lám. sin pleg. ;
_c23 cm.
700 1 _aMartínez de la Madrid, A.
_978002
852 _aES-MaACL
_jF-15502
_bR.19781
999 _c94888
_d94888